000 00702nam a2200277Ia 4500
005 20260324135415.0
008 008 260324s9999 xx 000 0 eng d
020 _a9780203770979
037 _aEBOOK
040 _aCRL
040 _beng
040 _cCRL
041 _2eng
041 _aeng
084 _qCRL
100 _aJo Cairns; Roy Gardner; Denis Lawton
_91197999
245 0 _aEducation for Values: Morals, Ethics and Citizenship in Contemporary Teaching
260 _bTaylor and Francis
260 _c2000
365 _a
365 _b180
856 _uhttp://www.taylorfrancis.com/books/9780203770979
942 _cEBOOK
999 _c1801518
_d1801518